Statistics for Actors who worked with Stanley Kubrick

Click here to take the quiz!

General Stats

  • This quiz has been taken 27 times
  • The average score is 13 of 48

Answer Stats

FilmsAnswer% Correct
The ShiningJack Nicholson
96%
Spartacus, Paths of GloryKirk Douglas
85%
Eyes Wide ShutNicole Kidman
85%
Eyes Wide ShutTom Cruise
85%
The ShiningShelley Duvall
73%
A Clockwork OrangeMalcolm McDowell
62%
Dr. Strangelove or: How I Learned to Stop Worrying and Love the BombPeter Sellers
62%
Full Metal JacketMatthew Modine
42%
Full Metal JacketR. Lee Ermey
42%
Full Metal JacketVincent D'Onofrio
38%
Dr. Strangelove or: How I Learned to Stop Worrying and Love the BombGeorge C. Scott
35%
Barry LyndonRyan O'Neal
35%
LolitaJames Mason
31%
The ShiningScatman Crothers
31%
Dr. Strangelove or: How I Learned to Stop Worrying and Love the Bomb, The KillingSterling Hayden
31%
2001: A Space OdysseyKeir Dullea
23%
Eyes Wide ShutSydney Pollack
23%
Full Metal JacketAdam Baldwin
19%
Paths of GloryAdolphe Menjou
19%
The ShiningDanny Lloyd
19%
Dr. Strangelove or: How I Learned to Stop Worrying and Love the BombJames Earl Jones
19%
The Shining, Paths of GloryJoe Turkel
19%
SpartacusLaurence Olivier
19%
LolitaShelley Winters
19%
Dr. Strangelove or: How I Learned to Stop Worrying and Love the BombSlim Pickens
19%
LolitaSue Lyon
19%
2001: A Space OdysseyGary Lockwood
15%
SpartacusPeter Ustinov
15%
The ShiningBarry Nelson
12%
SpartacusCharles Laughton
12%
2001: A Space OdysseyDouglas Rain
12%
Barry LyndonHardy Krüger
12%
SpartacusJean Simmons
12%
Dr. Strangelove or: How I Learned to Stop Worrying and Love the BombKeenan Wynn
12%
The ShiningPhilip Stone
12%
Eyes Wide ShutTodd Field
12%
2001: A Space OdysseyWilliam Sylvester
12%
Paths of GloryGeorge Macready
8%
Eyes Wide ShutMarie Richardson
8%
Barry LyndonMarisa Berenson
8%
A Clockwork Orange, Barry LyndonPatrick Magee
8%
Dr. Strangelove or: How I Learned to Stop Worrying and Love the BombPeter Bull
8%
Paths of GloryRalph Meeker
8%
Dr. Strangelove or: How I Learned to Stop Worrying and Love the BombTracy Reed
8%
Paths of GloryWayne Morris
8%
A Clockwork OrangeAdrienne Corri
4%
A Clockwork Orange
Michael Bates
4%
A Clockwork OrangeMiriam Karlin
4%

Score Distribution

Percentile by Number Answered

Percent of People with Each Score

Your Score History

You have not taken this quiz